| 000 | 01696nam a2200373 a 4500 | ||
|---|---|---|---|
| 001 | 000038813 | ||
| 003 | DO-SdBPM | ||
| 005 | 20250922090521.0 | ||
| 007 | ta | ||
| 008 | 130425s2013 dr ad 001 0 spa d | ||
| 020 | _a9789945888812 | ||
| 040 |
_aDO-SdBNP _bspa _cBPMSU _drda |
||
| 082 | 4 |
_a304.807293 _bR426p, 2013 _222 |
|
| 110 | 1 |
_aRepública Dominicana. _bOficina Nacional de Estadística |
|
| 245 | 1 | 0 |
_aPrimera Encuesta Nacional de Inmigrantes en la República Dominicana (ENI-2012) : _bversión resumida del informe general / _cpresentación Pablo Tactuk ; prólogo Sonia Vásquez |
| 260 |
_a _c |
||
| 264 |
_aSanto Domingo : _bOficiana Nacional de Estadísticas (ONE), _c2013 |
||
| 300 |
_a39 páginas : _bilustraciones, gráfcos., tablas. ; _c27 cm. |
||
| 336 |
_atexto _btxt _2rdacontent |
||
| 337 |
_asin mediación _bn _2rdamedia |
||
| 338 |
_avolumen _bnc _2rdacarrier |
||
| 505 | 0 | _aPresentación 9 -- Prólogo 11 -- Metodología 15 -- Volumen de la población de inmigrantes y de origen extranjero 17 -- Características de los hogares y viviendas 19 -- Caraterísticas de la población 21-- Proceso migratorio 26 -- Ingresos 35 -- Recepción y envío de remesas 38. | |
| 520 | _a | ||
| 590 | _aInventariado, 2025/VM | ||
| 650 | 7 |
_aInmigrantes _zRepública Dominicana _vEncuestas |
|
| 650 | 7 |
_aEncuestas demográficas _zRepública Dominicana |
|
| 651 | 7 |
_aRepública Dominicana _xCensos |
|
| 651 | 7 |
_aRepública Dominicana _xEstadística Vital _x _y |
|
| 651 | 7 |
_aRepública Dominicana _xPoblación _xEstadísticas |
|
| 700 | 1 |
_aTactuk, Pablo _epresentación |
|
| 700 | 1 |
_aVásquez, Sonia _eprólogo |
|
| 910 | _aVMateo. Control de calidad BPMSU | ||
| 942 |
_2ddc _cBK |
||
| 999 |
_c15417 _d15417 |
||